Movies to Country Quiz - Statistics

General Stats
  • This quiz has been taken 45 times
  • The average score is 12 of 20
Answer Stats
Hint Answer % Correct
Amadeus Austria
89%
The Death of Stalin Russia
89%
In Bruges Belgium
86%
300 Greece
78%
28 Days Later United Kingdom
78%
Platoon Vietnam
78%
Schindler's List Poland
76%
Zulu South Africa
68%
Argo Iran
62%
Monty Python's Life of Brian Israel
62%
The Hangover Part II Thailand
59%
Train to Busan South Korea
57%
The Last King of Scotland Uganda
57%
The Killing Fields Cambodia
54%
47 Ronin Japan
46%
Black Hawk Down Somalia
43%
Downfall Germany
32%
The Wind That Shakes the Barley Ireland
27%
Blood Diamond Sierra Leone
22%
As Above, So Below France
19%
No matching quizzes found
Score Distribution
Percent of People with Each Score
Percentile by Number Answered
Your Score History
You have not taken this quiz